000 00708nam a22002057a 4500
999 _c26135
_d26135
005 20190515154224.0
010 _aB-285016, B-215889
020 _a0571218857
_c295.00
020 _a9780571218885
_c295.00
035 _aB-285016, B-215872, B-215883,B-215889,B-215885
037 _bUBH (Vender)
082 _aS
100 _aMistry, Rohinton
245 _aTales from Firozsha Baag /
_cby Rohinton Mistry
260 _aLondon
_bFaber and Faber
_c2002
270 _a3 Queen Square
_bLondon
_eWC1N 3AU
300 _a250p.
_c20cm. (pbk)
942 _2ddc
_cEN
_hS
_mMIS